000 00869nam a2200205 a 4500
003 0
005 20250331085448.0
008 050810s19uu xx 00 eng d
050 _aPGS BF 723.S3
_b.Ue22 2005
100 _aUeno, Anrie May O.
245 _aDifficulties encountered and coping mechanism employed by mainstreamed students of the International Learning Center (ILC).
_cAnrie May O. Ueno.
260 _aLas PiƱas City, Philippines :
_bSouthville International School and Colleges,
_c2005.
300 _a33 pages :
_billustrations ;
_c28 cm.
504 _aIncludes bibliographical references.
650 _aKorean students
_vEducation
_vForeign countries.
650 _aMainstreaming in education
_vChallenges.
650 _aAcademic adjustment
_vInternational students.
650 _aEducation of non-English speaking students.
942 _2lcc
_cPASS
999 _c97437
_d97437